U.S. State Capitals Quiz Hard - Statistics

General Stats
  • This quiz has been taken 70 times
  • The average score is 42 of 50
Answer Stats
State Capital City % Correct
Nevada Carson City
95%
Indiana Indianapolis
95%
Washington Olympia
95%
Arizona Phoenix
95%
Georgia Atlanta
92%
Texas Austin
92%
Idaho Boise
92%
Massachusetts Boston
92%
Iowa Des Moines
92%
Alaska Juneau
92%
Arkansas Little Rock
92%
New York Albany
89%
Connecticut Hartford
89%
Tennessee Nashville
89%
Oklahoma Oklahoma City
89%
California Sacramento
89%
Utah Salt Lake City
89%
Illinois Springfield
89%
Florida Tallahassee
89%
Louisiana Baton Rouge
86%
North Dakota Bismarck
86%
Hawaii Honolulu
86%
South Dakota Pierre
86%
Maine Augusta
84%
Colorado Denver
84%
Montana Helena
84%
Oregon Salem
84%
Maryland Annapolis
81%
South Carolina Columbia
81%
Ohio Columbus
81%
New Hampshire Concord
81%
Kentucky Frankfort
81%
Michigan Lansing
81%
Wisconsin Madison
81%
Vermont Montpelier
81%
Rhode Island Providence
81%
North Carolina Raleigh
81%
New Mexico Santa Fe
81%
Kansas Topeka
81%
Wyoming Cheyenne
78%
Delaware Dover
78%
Mississippi Jackson
78%
Nebraska Lincoln
78%
Alabama Montgomery
78%
Minnesota Saint Paul
78%
New Jersey Trenton
78%
West Virginia Charleston
76%
Pennsylvania Harrisburg
76%
Virginia Richmond
76%
Missouri Jefferson City
70%
No matching quizzes found
Score Distribution
Percent of People with Each Score
Percentile by Number Answered
Your Score History
You have not taken this quiz